Complete the Card - WWE WrestleMania X-Seven - Statistics

General Stats
  • This quiz has been taken 848 times
  • The average score is 23 of 30
Answer Stats
Answer % Correct
Edge
98%
Stone Cold Steve Austin
98%
The Rock
98%
Jeff Hardy
97%
Matt Hardy
97%
Christian
96%
Bubba Ray Dudley
95%
D-Von Dudley
95%
Kane
93%
Triple H
91%
The Undertaker
90%
The Big Show
89%
Chris Jericho
88%
Shane McMahon
84%
Vince McMahon
84%
Chris Benoit
81%
Kurt Angle
81%
Chyna
77%
Eddie Guerrero
75%
Raven
74%
William Regal
71%
Ivory
65%
Test
64%
The Iron Sheik
59%
Bradshaw
57%
Faarooq
57%
Val Venis
51%
Tazz
47%
The Goodfather
46%
Bull Buchanan
45%
No matching quizzes found
Score Distribution
Percent of People with Each Score
Percentile by Number Answered
Your Score History
You have not taken this quiz